000 00804cab a2200229 4500
001 WB2504-22
008 090401t1989 xxu||||| |||| 00| 0 eng d
035 _a(Sirsi) u42142
041 _aeng
245 _aGood deal for landlords
260 _c1989
350 _a0
490 _aIndependent
_v21/1/89 p34
520 _aReviews the relaxed rent control provisions of the Housing Act 1988 . Concludes with a brief mention of the potential investment to be made from participating in a Business Expansion Scheme .
650 _aASSURED TENANCIES
650 _aPRIVATE RENTED SECTOR
650 _aPROPERTY-RESIDENTIAL PROPERTY-RESIDENTIAL LANDLORD AND TENANT-RESIDENTIAL TENANCIES
650 _aSHORTHOLD TENANCIES
690 _aLandlord and tenant
_96252
942 _n0
948 _c04/03/1997
999 _c27071
_d27071